| 000 | 02159nam a2200265 i 4500 | ||
|---|---|---|---|
| 003 | DO-SdBNP | ||
| 005 | 20260515095600.0 | ||
| 007 | ta | ||
| 008 | 260515e2025 dr ||||gr|||||||| ||spa d | ||
| 020 | _a9789945299090 | ||
| 040 |
_aDO-SdBNP _bspa _cBNPHU _erda |
||
| 041 | _aspa | ||
| 082 |
_bF372m 2025 _222 |
||
| 100 |
_aFerrand Estepan, Lourdes Karina _989459 _eautor |
||
| 245 |
_aA mis nietos, en un mundo sin abuelos / _cLourdes Karina Ferrand Estepan. |
||
| 264 |
_aSanto Domingo, República Dominicana : _bCastro de la Paz, Máximo Ramón, _c2025. |
||
| 300 |
_a209 páginas : _bilustraciones ; _c20 x 14.5 cm. |
||
| 336 |
_atexto _btxt _2rdacontent |
||
| 337 |
_asin mediación _bn _2rdamedia |
||
| 338 |
_avolumen _bnc _2rdacarrier |
||
| 520 | _aNecesitamos un mundo con padres, hijos y nietos más empáticos, compasivos, serviciales, agradecidos, dispuestos. Que disfruten y vean a los abuelos, en el espejo futuro, dónde se estrellarán, si no son cambiados los formatos y tratamientos ofrecidos a sus seres queridos, sumados a la falta de respeto e ingratitud hacia sus vidas. Con tantos afanes, nuestra humanidad contempla a los abuelos lejos del hogar y ha olvidado que Dios no tiene nietos. El inicio de jerarquías basadas en generaciones no existe en el cielo, por eso debemos profesar que: Los dones de padres, abuelos o tutores, son para dar continuidad a la crianza con propósito por el cual existimos. Debemos administrar los hijos de Dios en la tierra, debido a que regresaremos todos como hijos al cielo. Por esto, te invito a caminar por las letras de este libro donde, como plateados dorados, entreguemos nuestras intenciones y sean sometidas al poder, Inteligencia y Sabiduría del Padre Celestial. Para luego regresar a la morada eterna, debemos criar bajo la Luz de Jesús. Que no se acaben Los abuelos. Ellos son la raíz del presente, desde ese pasado donde sus hijos y nietos, éramos parte de su deseo futuro. Enséñanos De Tal Modo A Contar Nuestros Días, Que Traigamos al Corazón Sabiduría. Salmos 90:12 | ||
| 590 | _aInventariado, 2026/WG. | ||
| 650 | 0 |
_aNarración de cuentos _98125 |
|
| 942 |
_2ddc _cLBS1 |
||
| 999 |
_c60750 _d60750 |
||